| 000 | 01097nam a22002537a 4500 | ||
|---|---|---|---|
| 005 | 20170124102953.0 | ||
| 010 | _aA-738439 | ||
| 020 | _c50.00 | ||
| 035 | _aA-738439 | ||
| 037 | _bCen Lib/Ret | ||
| 040 |
_aDPL _bHN |
||
| 082 |
_a824 _bचिंतन |
||
| 245 |
_aचिंतन के आयाम : _cसंपादक सोहनलाल पटनी _bनिबंध संकलन / |
||
| 246 |
_aChintan ke aayam : nibandh sankalan / _bedited by Sohanlal Patni |
||
| 260 |
_aउदयपुर _bराजिस्थान साहित्य आकादेमी _c1995 |
||
| 270 |
_aहिरण मगरी, सेक्टर 4 _bउदयपुर _e313001 |
||
| 300 |
_a140पृ. _c21सेमी (सजिल्द) |
||
| 650 |
_aहिंदी साहित्य _952288 |
||
| 650 |
_aहिंदी साहित्य--निबंध _952289 |
||
| 650 |
_aHindi literature _952290 |
||
| 650 |
_aHindi literature--Essay _98630 |
||
| 700 |
_aसोहनलाल पटनी _952291 |
||
| 942 |
_2ddc _cHN _h824 _mचिंतन |
||
| 999 |
_c113451 _d113451 |
||